000 00345nam a2200133 i 4500
001 bg
245 0 _aTablice wartoĊ›ci naturalnych funkcji trygonometrycznych w podziale stopniowym od 0 do 90.
250 _aWyd.2.
260 _aWarszawa,
_c1961.
040 _cBPK
041 _apol
942 _cKS
008 s pl f |000 0 pol
999 _c10140
_d10140
856 _uhttp://koha.tu.koszalin.pl/cgi-bin/koha/opac-detail.pl?biblionumber=10140
_yKatalog online BPK